000 00752nam a2200229Ia 4500
003 GCL
008 140319s9999 xx 000 0 ara d
040 _aGCL /
_cGCL
082 0 4 _a813.03
_bل ع
100 1 _aلوسى يعقوب
245 1 0 _aعصفور الشرق توفيق الحكيم فى حوار حول افكاره واثاره /
_cلوسى يعقوب
260 _a[S.N] :
_bالدار المصرية اللبنانية ،
_c1987
300 _a178 ص
490 _a
650 0 4 _aالادب العربى
650 0 4 _aالعصر الحديث
650 0 4 _aتوفيق الحكيم
650 0 4 _aالمسرحيات المصرية
650 0 4 _aتاريخ ونقد
650 0 4 _aالمسرحيات العربية
942 _2ddc
_cBK
999 _c30139
_d30139